|
|
|
|
| LEADER |
00000nab a2200000 a 4500 |
| 001 |
vtls011541912 |
| 003 |
SK-MaSNL |
| 005 |
20260303094331.0 |
| 008 |
171120|20160323xo dr | 000 0|slo |
| 015 |
|
|
|a SNBRB2016/03
|
| 038 |
|
|
|a DSZK
|
| 040 |
|
|
|a DSZK
|b slo
|c DSZK
|e AACR2
|
| 041 |
0 |
|
|a slo
|
| 044 |
|
|
|a xo
|c SK
|
| 080 |
|
|
|a 796.332.071.2
|x (437.6)
|2 2011
|
| 100 |
1 |
|
|a Kikuš, Vladimír
|4 ivr
|4 aut
|9 207400
|
| 245 |
1 |
0 |
|a S Martinom si navzájom pomôžeme
|b stopér Ján Ďurica sa teší na príležitosť opäť si zahrať po boku Škrtela
|c Vladimír Kikuš, Ján Ďurica
|
| 300 |
|
|
|b Fotogr.
|
| 600 |
1 |
7 |
|a Ďurica, Ján,
|d 1981-
|2 dszk
|9 414750
|
| 650 |
0 |
7 |
|a rodáci
|2 snkbucl
|9 30842
|
| 650 |
0 |
7 |
|a futbalisti
|2 SNKPH
|9 43771
|
| 651 |
|
7 |
|a Dunajská Streda (Slovensko)
|2 dszk
|9 17375
|
| 700 |
1 |
|
|a Ďurica, Ján,
|d 1981-
|4 ive
|4 aut
|9 414750
|
| 773 |
0 |
|
|t Šport
|g Roč. 70, č. 69 (23.3.2016), s. 2-3
|x 0139-7001
|
| 852 |
|
|
|a DSZK
|b KIS3GCP
|
| 958 |
|
|
|a SK
|
| 999 |
|
|
|c 1820105
|d 1822035
|